Conflicto político militar de El Salvador, cronología de sucesos mayo 1979 a enero 1982

Presenta una cronología de sucesos relacionados con la crisis política que vive El salvador (Mayo de 1979 a enero de 1982) - Hace referencia, entre otras cosas, a las manifestaciones populares, pronunciamientos de la iglesia, ametrallamiento, denuncias sobre violación a los derechos humanos, asesina...

全面介紹

Guardado en:
書目詳細資料
格式: Texto
出版: San Salvador: S.D.
標簽: 添加標簽
沒有標簽, 成為第一個標記此記錄!

MARC

LEADER 00000 a a2200000 04500
001 20653
003
040
090 |a 087400  
245 |a Conflicto político militar de El Salvador, cronología de sucesos mayo 1979 a enero 1982  
260 |a San Salvador:   |b S.D.  
300 |a 48 p.  
520 |a Presenta una cronología de sucesos relacionados con la crisis política que vive El salvador (Mayo de 1979 a enero de 1982) - Hace referencia, entre otras cosas, a las manifestaciones populares, pronunciamientos de la iglesia, ametrallamiento, denuncias sobre violación a los derechos humanos, asesinatos, pronunciamientos de la organizaciones revolucionarias y del gobierno salvadoreño, acciones guerrilleras, conflictos al interior del gobierno, discursos políticos, huelgas, elecciones, ayuda militar, solidaridad internacional y manifestaciones del gobierno de los Estados Unidos.  
999 |c 8687  |d 8687